Loading...
Fine Arts - Classical Music | 0 | 9 | 1 | 1 | 85 | 36 | 87.78 | 3 | 5 |
Science - Physics | 0 | 6 | 0 | 0 | 60 | 95 | 112.00 | 0 | 1 |
Literature - World Literature | 0 | 3 | 0 | 2 | 30 | 69 | 124.67 | 0 | 1 |
Science - Other Science | 0 | 4 | 3 | 2 | 25 | 95 | 115.00 | 0 | 0 |
Fine Arts - Other Fine Arts | 0 | 2 | 0 | 1 | 20 | 120 | 123.00 | 0 | 0 |
Science - Biology | 0 | 2 | 0 | 0 | 20 | 90 | 110.00 | 0 | 0 |
Literature - American Literature | 0 | 2 | 1 | 0 | 15 | 139 | 142.50 | 0 | 0 |
Literature - European Literature | 0 | 2 | 1 | 1 | 15 | 146 | 152.00 | 0 | 0 |
Mythology | 0 | 1 | 0 | 0 | 10 | 149 | 149.00 | 0 | 0 |
Fine Arts - Painting & Sculpture | 0 | 1 | 0 | 0 | 10 | 127 | 127.00 | 0 | 0 |
Science - Chemistry | 0 | 1 | 0 | 0 | 10 | 77 | 77.00 | 0 | 0 |
Literature - British Literature | 0 | 1 | 1 | 0 | 5 | 123 | 123.00 | 0 | 0 |
History - Other History | 0 | 0 | 1 | 0 | -5 | 0.00 | 0 | 0 | |
Other Academic | 0 | 0 | 1 | 0 | -5 | 0.00 | 0 | 0 |